Corpus Juris Civilis. (Record no. 49037)

MARC details
000 -LEADER
campo de control de longitud fija 01067nam a2200265 i 4500
001 - NÚMERO DE CONTROL
campo de control 49037
003 - IDENTIFICADOR DE NÚMERO DE CONTROL
campo de control ES-MaACL
005 - FECHA Y HORA DE LA ÚLTIMA TRANSACCIÓN
campo de control 20250919150713.0
007 - CAMPO FIJO DE DESCRIPCIÓN FÍSICA--INFORMACIÓN GENERAL
campo de control de longitud fija t|
008 - DATOS DE LONGITUD FIJA--INFORMACIÓN GENERAL
campo de control de longitud fija 030707s1911 sp ||||1| lat d
245 00 - MENCIÓN DEL TÍTULO
Título Corpus Juris Civilis.
260 ## - PUBLICACIÓN, DISTRIBUCIÓN, ETC.
Lugar de publicación, distribución, etc. Berolini :
Nombre del editor, distribuidor, etc. apud Weidmannos,
Fecha de publicación, distribución, etc. 1911.
300 ## - DESCRIPCIÓN FÍSICA
Extensión 3 v. ;
Dimensiones 27 cm.
500 ## - NOTA GENERAL
Nota general Pertenecen a distintas ediciones.
505 8# - NOTA DE CONTENIDO CON FORMATO
Nota de contenido con formato Contiene: V. I: Institutions recognovit / Paulus Krneger ; Digesta recognovit / Theodorus Mommsen ; Retractavit / Paulus Krneger. V. II: Codex justinianus recongovit / Paulus Krneger. V. III: Novellae recognovit / Rudolfus Schoell opus Schoellii morte interceptum absolvit Guillelmus Kroll
630 07 - PUNTO DE ACCESO ADICIONAL DE MATERIA--TÍTULO UNIFORME
Título uniforme Corpus juris civilis.
Nombre de parte o sección de la obra Institutiones
Fuente del encabezamiento o término
9 (RLIN) 135271
630 04 - PUNTO DE ACCESO ADICIONAL DE MATERIA--TÍTULO UNIFORME
Título uniforme Digesta.
9 (RLIN) 149974
650 07 - PUNTO DE ACCESO ADICIONAL DE MATERIA--TÉRMINO DE MATERIA
Término de materia o nombre geográfico como elemento de entrada Derecho romano
Fuente del encabezamiento o término embne
9 (RLIN) 11764
700 1# - ENTRADA AGREGADA--NOMBRE PERSONAL
Nombre de persona Krneger, Paulus.
9 (RLIN) 68874
700 1# - ENTRADA AGREGADA--NOMBRE PERSONAL
Nombre de persona Mommsen, Theodor,
Fechas asociadas al nombre 1817-1903
9 (RLIN) 82081
700 1# - ENTRADA AGREGADA--NOMBRE PERSONAL
Nombre de persona Schoell, Rudolfus.
9 (RLIN) 104602
700 1# - ENTRADA AGREGADA--NOMBRE PERSONAL
Nombre de persona Kroll, Guillelmus.
9 (RLIN) 68881
852 ## - LOCALIZACIÓN
Ubicación ES-MaACL
Número de control de estantería B-5079-81
Holdings
Estatus retirado Estado de pérdida Estado de daño No para préstamo Biblioteca de origen Biblioteca actual Ubicación en estantería Fecha de adquisición Fuente de adquisición Total de préstamos Signatura topográfica completa Código de barras Visto por última vez Precio de reemplazo Tipo de ítem Koha
        Biblioteca del Ateneo de Madrid Biblioteca del Ateneo de Madrid Sala Pardo Bazán 17/01/2008     B-5079-81 1051607 23/02/2023 23/02/2023 Libro impreso